00245nam a2200109 a 4500008004100000050001600041100001900057245001600076246002500092260000900117350000900126120416s1960 xx |||||||||||||| || u aNA 9108 Hig aHigbee, Edward14aThe squeeze acities without space c1960 a0.00